Normal view MARC view

Entry Personal Name

Number of records used in: 1

001 - CONTROL NUMBER

  • control field: 37358

003 - CONTROL NUMBER IDENTIFIER

  • control field: OSt

005 - DATE AND TIME OF LATEST TRANSACTION

  • control field: 20230406110104.0

008 - FIXED-LENGTH DATA ELEMENTS

  • fixed length control field: 230406|| aca||aabn | a|a d

040 ## - CATALOGING SOURCE

  • Original cataloging agency: OSt
  • Transcribing agency: OSt

100 ## - HEADING--PERSONAL NAME

  • Personal name: Lappas, G., Triantafillieou, A. and Kani, A.

670 ## - SOURCE DATA FOUND

  • Source citation: Work cat.: (OSt)521642: Lappas, G., Triantafillieou, A. and Kani, A. , Harnessing the power of dialogue: Examining the impact of Facebook content on citizens’ engagement

Powered by Koha